Vitrales de la Catedral de Antofagasta: un patrimonio cultural
שמור ב:
| מחבר תאגידי: | |
|---|---|
| פורמט: | ספר |
| שפה: | ספרדית |
| יצא לאור: |
Antofagasta
Imprenta Ercilla
2009
|
| נושאים: | |
| תגים: |
הוספת תג
אין תגיות, היה/י הראשונ/ה לתייג את הרשומה!
|
MARC
| LEADER | 00000nam a2200000 a 4500 | ||
|---|---|---|---|
| 001 | UCH1397 | ||
| 003 | CL-VaPUC | ||
| 008 | 090427e20090000CL |||||||||||||||||spa|d | ||
| 020 | |a 9789568152017 | ||
| 082 | 0 | 4 | |a 725.528 |b ARZ |2 21 |
| 110 | 2 | |a Arzobispado de Antofagasta |e author |9 535880 | |
| 245 | 1 | 0 | |a Vitrales de la Catedral de Antofagasta: un patrimonio cultural |
| 300 | |a 46 p | ||
| 942 | |c BK | ||
| 945 | |d 20090427 00:00:00 |a rbrito | ||
| 260 | |a Antofagasta |b Imprenta Ercilla |c 2009 | ||
| 650 | 0 | |a Vitrales |9 372641 | |
| 650 | 0 | |a Arte religioso |9 330545 | |
| 650 | 7 | |a CATEDRALES |2 CL-VaPUC |9 267660 | |
| 651 | 7 | |a ANTOFAGASTA |2 CL-VaPUC |9 319270 | |
| 583 | |a last modification |c 20090427 00:00:00 |k Rodrigo Vera | ||
| 999 | |c 333447 |d 333445 | ||
| 952 | |0 0 |1 0 |4 0 |6 725_528000000000000_ARZ_2009 |7 0 |8 A |9 421852 |a BIBART |b BIBART |d 2019-11-22 |i 4538781 |o 725.528 ARZ 2009 |p 4538781 |r 2025-03-13 |w 2019-11-22 |y BK |k ART | ||
| 952 | |0 0 |1 0 |4 0 |6 725_528000000000000_ARZ_2009 |7 0 |8 A |9 421853 |a BIBTEO |b BIBTEO |d 2019-11-22 |i 4571266 |o 725.528 ARZ 2009 |p 4571266 |r 2025-01-17 |w 2019-11-22 |y BK |k ICR | ||
| 952 | |0 0 |1 0 |4 0 |6 725_528000000000000_ARZ_2009 |7 0 |8 X |9 421854 |a FDOBUD |b FDOBUD |d 2019-11-22 |i 4599039 |o 725.528 ARZ 2009 |p 4599039 |r 2019-11-22 |w 2019-11-22 |y BK_X |k BUD | ||